000 00587cam a22002053a 4500
001 39936
003 PGUSA
005 20140828083905.0
008 120607s2012||||xxu|||||s|||||000 | eng d
040 _aPGUSA
_beng
042 _adc
100 1 _aCorkran, Alice Abigail
245 1 0 _aMeg's Friend :
_bA Story for Girls
_h[electronic resource] /
_cAlice Abigail Corkran
260 _bProject Gutenberg,
_c2012
506 _aPublic domain in the USA.
516 _aElectronic text
830 0 _aProject Gutenberg
_v39936
856 4 0 _uhttp://www.gutenberg.org/ebooks/39936
942 _cEB
999 _c269189
_d269189